State University Locations - Statistics

General Stats
  • This quiz has been taken 28 times
  • The average score is 21 of 50
Answer Stats
University Answer % Correct
Ohio State University Columbus
74%
University of Hawai'i Honolulu
74%
University of Michigan Ann Arbor
70%
University of Alabama Tuscaloosa
70%
_____ State University (Idaho) Boise
65%
University of Colorado Boulder
65%
University of Missouri Columbia
65%
University of South Carolina Columbia
65%
University of Alaska Fairbanks
65%
Florida State University Tallahassee
65%
Louisiana State University Baton Rouge
61%
University of Nebraska Lincoln
61%
University of California Los Angeles
61%
Georgia State University Atlanta
57%
University of North Carolina Chapel Hill
57%
University of Oregon Eugene
57%
University of Kentucky Lexington
57%
University of Wisconsin Madison
57%
Texas A&M University College Station
52%
University of Minnesota Minneapolis
52%
University of Nevada Reno
52%
University of New Mexico Albuquerque
48%
University of Arkansas Fayetteville
48%
University of Tennessee Knoxville
48%
University of Washington Seattle
48%
University of Illinois Urbana-Champaign
43%
Indiana University Bloomington
39%
Rutgers University New Brunswick
39%
Arizona State University Tempe
39%
State University of New York Buffalo
35%
University of Vermont Burlington
35%
University of Maryland College Park
35%
University of Kansas Lawrence
35%
University of Delaware Newark
35%
University of Oklahoma Norman
35%
Iowa State University Ames
30%
Montana State University Bozeman
30%
Pennsylvania State University State College
30%
University of Massachusetts Amherst
26%
University of Virginia Charlottesville
26%
West Virginia University Morgantown
26%
University of Mississippi Oxford
26%
University of Connecticut Storrs
26%
University of Maine Orono
17%
University of New Hampshire Durham
13%
University of Wyoming Laramie
13%
University of North Dakota Grand Forks
9%
Utah State University Logan
9%
University of Rhode Island Kingston
4%
University of South Dakota Vermillion
0%
No matching quizzes found
Score Distribution
Percent of People with Each Score
Percentile by Number Answered
Your Score History
You have not taken this quiz